00246nam a2200109Ia 4500003000400000008004100004100001900045245002600064260003000090300000800120650000800128OSt191201s2004 xx 000 0 und d aKUMAR, Brajesh 0aModern Microeconomics aN. delhibAne Booksc2004 a323 aMBA